| 000 | 00338nam a2200121Ia 4500 | ||
|---|---|---|---|
| 008 | 220204s9999 xx 000 0 und d | ||
| 082 |
_a632.4:633(213) _bHOL |
||
| 100 | _aHOLLIDAY, Paul | ||
| 245 | 0 | _aFungus diseases of tropical crops. | |
| 260 |
_aCambridge _bCambridge University _c1980 |
||
| 650 | _aTropical crops disease | ||
| 942 | _cBK | ||
| 999 |
_c36711 _d36711 |
||